| 000 | 00536nam a2200181Ia 4500 | ||
|---|---|---|---|
| 003 | GCL | ||
| 008 | 140319s9999 xx 000 0 ara d | ||
| 040 |
_aGCL / _cGCL |
||
| 082 | 0 | 4 |
_a823.03 _bف ر |
| 100 | 1 | _aعفاف فؤاد | |
| 245 | 1 | 0 |
_aالرجل العجيب وشركاة / _cعفاف فؤاد |
| 700 | 1 | _aفليشمان، سيد | |
| 300 | _a193 ص | ||
| 490 |
_aالهيئة العامة للاستعلامات _v0 |
||
| 650 | 0 | 4 | _aالادب الامريكى |
| 650 | 0 | 4 | _aالقصص الامريكية |
| 942 |
_2ddc _cBK |
||
| 999 |
_c49385 _d49385 |
||